00731nam a2200241Ia 4500003000900000008004100009040001300050040001300063041000800076100001400084245006200098250001200160260002100172260000900193300001100202300001200213490002300225490000600248600002900254942000700283999001700290952018200307IT-RoPAU120407s9999 xx 000 0 und d aIT-RoPAU cIT-RoPAU aita aB. Dreher aLa sterilità€ della catechesi infantile. Cause e rimedi  aModena  aEdizioni Paoline c1969 a158 p. c21,5 cm aBibbia e Catechesi v6 a1. Catechesi - fanciulli cBK c26402d26402 00102ddc406222_12600000000000071aPAULUSbPAULUSd2012-04-11l0o222.126r2012-04-11 00:00:00w2012-04-11yBKzInserito da: In data: n.d. fondo: Via A.Severo 56 Progr:21944